000 00854nam a22002297a 4500
008 081204t xxu||||| |||| 00| 0 eng d
010 _aENG-92010
020 _c200.00
_a9788190598019
035 _aEN-75543
037 _bDBAD / PUB
040 _adpl
_bEnglish
082 _a954.0820924
100 _aCarpenter, Mary
245 _aThe last days in England of the Raja Rammohun Roy /
_cby Mary Carpenter
260 _aKolkata
_bBibliophil
_c2007
270 _a206, Bidhan Sarani,
_bKolkata
_e700006
300 _a176p.
_c20cm (Hb)
500 _aIncludes index
600 _aRammohun Roy, Raja,1772-1883.
942 _2ddc
_cEN
_mCAR
_h954.0820924
999 _c19490
_d19490